Những lời khuyên học sinh Đại học

সংরক্ষণ করুন:
গ্রন্থ-পঞ্জীর বিবরন
প্রধান লেখক: P G Grudinski
বিন্যাস: গ্রন্থ
ভাষা:Undetermined
প্রকাশিত: Hà Nội Thanh Niên 1980
বিষয়গুলি:
ট্যাগগুলো: ট্যাগ যুক্ত করুন
কোনো ট্যাগ নেই, প্রথমজন হিসাবে ট্যাগ করুন!
Thư viện lưu trữ: Trung tâm Học liệu Trường Đại học Cần Thơ
LEADER 00518nam a2200169Ia 4500
001 CTU_17278
008 210402s9999 xx 000 0 und d
082 |a 371.8 
082 |b G885 
100 |a P G Grudinski 
245 0 |a Những lời khuyên học sinh Đại học 
245 0 |c P G Grudinski, M G Trilikin, P A Yonkin; Dịch giả: Hải Long 
260 |a Hà Nội 
260 |b Thanh Niên 
260 |c 1980 
650 |a study, method of 
980 |a Trung tâm Học liệu Trường Đại học Cần Thơ